| 000 | 00531nam a22001817a 4500 | ||
|---|---|---|---|
| 003 | NUST - PNEC | ||
| 005 | 20170116180803.0 | ||
| 008 | 150417b xxu||||| |||| 00| 0 eng d | ||
| 020 | _a978996050028 | ||
| 040 | _cLIBRARY | ||
| 082 | _a MUJ | ||
| 100 |
_92700 _aMujahid, Abdul Malik |
||
| 245 |
_a Aftab e Nabuwat ki Sunehri Shuaein: Seerat e alam ke daraksha pehlo _cAbdul Malik Mujahid |
||
| 260 |
_aKarachi: _bDarul Islam, |
||
| 300 |
_a399 p. : _c22 cm. |
||
| 650 |
_92702 _aIslam, Seerat e Nabvi _xGeneral |
||
| 942 |
_2ddc _cBK |
||
| 999 |
_c63043 _d63043 |
||